Music Quiz

Random Music or Artist Quiz

ABBA or the Bee Gees? Quiz Stats

 Plays Quiz Updated May 25, 2019

Score 0/24 Timer 02:00
6 Plays Today
Song ABBA (A) or the Bee Gees (B) % Correct
Mamma Mia???
96.1%
Stayin' Alive???
94%
Dancing Queen???
93.5%
The Winner Takes It All???
92.3%
Jive Talkin'???
91.1%
Fernando???
90.9%
Take a Chance on Me???
90.2%
Waterloo???
90%
Night Fever???
90%
S.O.S.???
88.2%
To Love Somebody???
88.2%
How Can You Mend a Broken Heart???
88%
Song ABBA (A) or the Bee Gees (B) % Correct
How Deep Is Your Love???
85.4%
Knowing Me, Knowing You???
84.3%
(The Lights Went Out In) Massachusetts???
83.4%
You Should Be Dancing???
83.1%
I Do, I Do, I Do, I Do, I Do???
83%
I Started a Joke???
82.4%
The Name of the Game???
82.3%
Too Much Heaven???
81.4%
Tragedy???
81%
Love You Inside Out???
80.5%
Does Your Mother Know???
75%
When All Is Said and Done???
57.1%

You're not logged in!

Compare scores with friends on all Sporcle quizzes.
OR
Log In

Sporcle TV

Today on Sporcle TV


Watch our educational content, quiz creation guides, and fun videos on Sporcle TV.

Show Comments

Extras

Top Quizzes Today


Score Distribution

Your Account Isn't Verified!

In order to create a playlist on Sporcle, you need to verify the email address you used during registration. Go to your Sporcle Settings to finish the process.

Report this User

Report this user for behavior that violates our Community Guidelines.

Details: